000 00509nam a2200217Ia 4500
008 210210b1929 xxu||||| |||| 00| 0 eng d
041 _aeng
082 _a335/64
100 _aCHABLANI (H L)
245 _aEconomic condition of Indian in XVI century
260 _aDelhi
_bOxford University Press
_c1929
650 _aXVI
650 _aof
650 _aIndian
650 _ain
650 _aEconomic
650 _acondition
650 _acentury
690 _aIndian Economics
906 _a004407
999 _c125084
_d125084